书目信息 |
| 题名: |
收藏与拍卖
|
|
| 作者: | 林路 著 | |
| 分册: | ||
| 出版信息: | 沈阳 辽宁美术出版社 2003 |
|
| 页数: | 176页 | |
| 开本: | 20cm | |
| 丛书名: | 现代摄影观念丛书 | |
| 单 册: | ||
| 中图分类: | G894 , F768.7 , J4 | |
| 科图分类: | ||
| 主题词: | 照片--收藏--基本知识 , 照片--拍卖--基本知识 , 照片 , 收藏 , 拍卖 , 摄影艺术 | |
| 电子资源: | ||
| ISBN: | 7-5314-3079-7 | |
| 000 | 01038oam2 2200337 450 | |
| 001 | 1538787857 | |
| 005 | 20150130104657.57 | |
| 010 | @a7-5314-3079-7@dCNY28.00 | |
| 100 | @a20030827d2003 em y0chiy50 ea | |
| 101 | 0 | @achi |
| 102 | @aCN@b210000 | |
| 105 | @aa z 000yy | |
| 200 | 1 | @a收藏与拍卖@9shou cang yu pai mai@e摄影市场的回顾与展望@f林路著 |
| 210 | @a沈阳@c辽宁美术出版社@d2003 | |
| 215 | @a176页@c照片@d20cm | |
| 225 | 2 | @a现代摄影观念丛书 |
| 330 | @a本书介绍世界摄影市场概况,阐述已故摄影名家的用品拍卖与收藏,女性摄影家的作品收藏与拍卖,照片拍卖市场的规律与实例等。 | |
| 461 | 0 | @12001 @a现代摄影观念丛书 |
| 517 | 1 |
@a摄影市场的回顾与展望@9she ying shi chang |
| 606 | 0 | @a照片@x收藏@x基本知识 |
| 606 | 0 | @a照片@x拍卖@x基本知识 |
| 606 | 0 | @a照片 |
| 606 | 0 | @a收藏 |
| 606 | 0 | @a拍卖 |
| 606 | 0 | @a摄影艺术 |
| 690 | @aG894@v5 | |
| 690 | @aF768.7@v5 | |
| 690 | @aJ4@v4 | |
| 701 | 0 | @a林路@9lin lu@f(1956~)@4著 |
| 801 | 0 | @aCN@bTSSF@c20150130 |
| 905 | @aZUCC@dJ4@eJY42 | |
| 收藏与拍卖:摄影市场的回顾与展望/林路著.-沈阳:辽宁美术出版社,2003 |
| 176页:照片;20cm.-(现代摄影观念丛书) |
| ISBN 7-5314-3079-7:CNY28.00 |
| 本书介绍世界摄影市场概况,阐述已故摄影名家的用品拍卖与收藏,女性摄影家的作品收藏与拍卖,照片拍卖市场的规律与实例等。 |
| ● |
| 相关链接 |
|
|
|
|
正题名:收藏与拍卖
索取号:J4/JY42
 
预约/预借
| 序号 | 登录号 | 条形码 | 馆藏地/架位号 | 状态 | 备注 |
| 1 | 7862384 | 278623848 | 学院路分馆/ [索取号:J4/JY42] | 在馆 | |
| 2 | 7862385 | 278623857 | 学院路分馆/ [索取号:J4/JY42] | 在馆 | |
| 3 | 7862386 | 278623866 | 学院路分馆/ [索取号:J4/JY42] | 在馆 | |
| 4 | 7862387 | 278623875 | 学院路分馆/ [索取号:J4/JY42] | 在馆 |